ගුවන්විදුලි ධර්මදේශනා /

Guvanviduli dharmadeshana
Saved in:
Bibliographic Details
Main Author: ධම්මාලංකාර හිමි, ඉත්තෑපානේ
Format: Book
Published: [තැ.නො.] : [ප්‍ර.නො.], 2000.
Tags: Add Tag
No Tags, Be the first to tag this record!

MARC

LEADER 00000nam a22000007a 4500
003 LK-CoNLD
005 20260421091859.0
008 260421b |||||||| |||| 00| 0 ||| d
015 |2 slnb 
017 |a 292699  |b LK-CoDNA 
040 |a LK-CoNLD  |b SIN  |c LK-CoNLD  |d LK-CoNLD 
082 |2 23  |q LK-CoNLD 
100 |a ධම්මාලංකාර හිමි, ඉත්තෑපානේ  |9 93366 
245 |6 880-1  |a ගුවන්විදුලි ධර්මදේශනා /  |c ඉත්තෑපාන ධම්මාලංකාර නාහිමි. 
260 |a [තැ.නො.] :  |b [ප්‍ර.නො.],  |c 2000. 
300 |a පි. 170 ;  |c සෙමි. 21.  |b මැබැ-බෝක : රු. 314.50 
500 |6 මිල තීරණය කිරිමේ මාර්ගෝපදේශයට අනුව සකසන ලද මිල රු.314.50 වේ. 
880 |6 245-1  |a Guvanviduli dharmadeshana 
942 |c BOOK 
999 |c 298962  |d 298962 
945 |a 21990  |b Sachini DHANANJANI  |c 21990  |d Sachini DHANANJANI